Ganadores del Benidorm Fest (2022 -2026) - Estadísticas

Estadísticas generales
  • Esta prueba ha sido intentada 54 veces
    13 desde el último reinicio
  • La puntuación promedio es 5 de 5
Estadísticas de respuestas
Año Artista % Correcto
2023 Blanca Paloma
100%
2022 Chanel
100%
2025 Melody
100%
2024 Nebulossa
91%
2026 Tony Grox y LUCYCALYS
82%
No se encontraron pruebas coincidentes
Distribución de puntuación
Porcentaje de gente con cada puntuación
Porcentaje por número respondido
Historial de tus puntuaciones
No has intentado esta prueba desde el último reinicio